| 000 | | | 04857nmc2a22003013x 450 |
| 001 | | | 893004bc-42f4-4ed4-b8ea-05e39b863b66 |
| 005 | | | 20220705162333.0 |
| 100 | ## | $a | 20220622l1913 k y0rusy50 ca |
| 101 | 0# | $a | rus |
| 102 | ## | $a | RU |
| 105 | ## | $a | ae z ||||| |
| 122 | 0# | $a | d19131231 |
| 200 | 1# | $a | План порта Туапсе, проект и приложение к проекту нефтяного пирса, проекты устройства парка, планы мастерских, схема расположения волнолома, схема берегового укрепления |
| | $j | [1913-1927] |
| 215 | ## | $a | 16 листов |
| | $c | пл., схем. |
| 251 | ## | $c | Дело |
| 300 | ## | $a | Заголовок дела на папке: Планы порта Туапсе, проект устройства фундамента, схема устройства Травеллюрской тележки, проект и приложение к проекту нефтяного пирса, проекты устройства парка, планы мастерских, схема размещения массивов и путей в парке, схема расположения волнолома, схема берегового укрепления |
| 300 | ## | $a | На папке дела: 1923-1927 |
| 300 | ## | $a | Калька, типографский экземпляр (синька) с рукописными пометами |
| 300 | ## | $a | Листы: после 13 (1) - чистые; 2 - на кальке; 2-16 - планы; 1 - надорван |
| 300 | ## | $a | Рукописный и типографский текст |
| 330 | ## | $a | Входит в раздел описи: Документы Народного комиссариата финансов. Транспортный сектор (Департамент железнодорожных дел) Наркомата финансов |
| 461 | #0 | $1 | 00170a9e75d-b6e1-4eed-a561-fb01df49f1ed |
| | $1 | 2001 |
| | $a | Коллекция документов профессора И. Х. Озерова |
| | $1 | 251 |
| | $c | Фонд |
| | $1 | 852 |
| | $j | 1838 |
| 462 | #0 | $1 | 0010128b4bc-9fed-474c-8a7c-fdbe2c2718e2 |
| | $1 | 2001 |
| | $a | Документы советского периода. 1917-1933 гг. |
| | $v | Д. 70 |
| | $1 | 251 |
| | $c | Опись |
| | $1 | 852 |
| | $j | 2 |
| 517 | 1# | $a | Планы порта Туапсе, проект устройства фундамента, схема устройства Травеллюрской тележки, проект и приложение к проекту нефтяного пирса, проекты устройства парка, планы мастерских, схема размещения массивов и путей в парке, схема расположения волнолома, схема берегового укрепления |
| 600 | #1 | $a | Озеров |
| | $b | И. Х. |
| | $g | Иван Христофорович |
| 801 | #0 | $a | RU |
| | $b | GA_RF |
| 801 | #1 | $a | RU |
| | $b | ГлавНИВЦ |
| | $c | 20220622 |
| | $2 | rusmarc |
| 801 | #2 | $a | RU |
| | $b | ПБ им. Б.Н. Ельцина |
| | $c | 20220705 |
| | $g | RCR |
| | $2 | rusmarc |
| 852 | ## | $a | ГА РФ |
| | $j | 70 |
| 937 | ## | $d | 177095786 |
| | $h | ГАРФ |
| 035 | ## | $a | RuPRLIB51068012 |
| 856 | ## | $u | http://readingroom.main.prlib.ru/item.aspx?id_node=n177095786&mode=full |